| 000 | 01542cam a22003617a 4500 | ||
|---|---|---|---|
| 001 | 16945587 | ||
| 003 | URS | ||
| 005 | 20260310173128.0 | ||
| 008 | 110902s2012 mdu b 001 0 eng | ||
| 010 | _a 2011035355 | ||
| 020 |
_a9780847699025 _qcloth : alk. paper |
||
| 020 |
_a9781442214675 _qelectronic |
||
| 035 | _a16945587 | ||
| 040 |
_aDLC _cDLC _beng _dURS _erda |
||
| 050 | 0 | 0 |
_aLC 197 _b.K8248 2012 |
| 082 | 0 | 0 |
_a370.72/082 _223 |
| 100 | 1 | _aKohli, Wendy R. | |
| 245 | 1 | 0 |
_aFeminisms and educational research / _cWendy Kohli and Nicholas C. Burbules. |
| 264 |
_aLanham, Md. : _bRowman & Littlefield Publishers, _cc2012. |
||
| 300 |
_aix, 103 pages ; _c24 centimeters. |
||
| 336 |
_atext _btxt _2rdacontent |
||
| 337 |
_aunmediated _bn _2rdamedia |
||
| 338 |
_avolume _bnc _2rdacarrier |
||
| 504 | _aIncludes bibliographical references and index. | ||
| 505 | 0 | _aIntroduction -- What is feminism? -- Philosophical concerns and commitments -- Feminist inquiry -- Feminist educational research. | |
| 650 | 0 |
_aFeminism and education _xResearch. |
|
| 650 | 0 | _aFeminist theory. | |
| 700 | 1 | _aBurbules, Nicholas C. | |
| 906 |
_a7 _bvip _corignew _d1 _eecip _f20 _gy-gencatlg |
||
| 942 |
_2lcc _cFR _hLC 197 _i.K8248 2012 |
||
| 999 |
_c98989 _d98986 |
||